| 000 -LEADER |
| fixed length control field |
01692cam a2200337 a 4500 |
| 001 - CONTROL NUMBER |
| control field |
2069354 |
| 005 - DATE AND TIME OF LATEST TRANSACTION |
| control field |
20170201100318.0 |
| 008 - FIXED-LENGTH DATA ELEMENTS--GENERAL INFORMATION |
| fixed length control field |
940525r19941762nyua 000 0 eng |
| 010 ## - LIBRARY OF CONGRESS CONTROL NUMBER |
| LC control number |
94025929 |
| 020 ## - INTERNATIONAL STANDARD BOOK NUMBER |
| International Standard Book Number |
0486281930 : |
| Terms of availability |
$7.95 |
| 043 ## - GEOGRAPHIC AREA CODE |
| Geographic area code |
e-fr--- |
| 050 00 - LIBRARY OF CONGRESS CALL NUMBER |
| Classification number |
NK7305 .P613 1994 |
| 100 1# - MAIN ENTRY--PERSONAL NAME |
| Personal name |
Pouget, Jean Henri Prosper, |
| Dates associated with a name |
-1769. |
| 240 10 - UNIFORM TITLE |
| Uniform title |
<a href="Traité des pierres précieuses et de la manière de les employer en parure.">Traité des pierres précieuses et de la manière de les employer en parure.</a> |
| Language of a work |
English |
| 245 10 - TITLE STATEMENT |
| Title |
550 authentic rococo designs and motifs for artists and craftspeople / |
| Statement of responsibility, etc. |
Jean-Henri-Prosper Pouget. |
| 260 ## - PUBLICATION, DISTRIBUTION, ETC. (IMPRINT) |
| Place of publication, distribution, etc. |
New York : |
| Name of publisher, distributor, etc. |
Dover Publications, |
| Date of publication, distribution, etc. |
c1994. |
| 300 ## - PHYSICAL DESCRIPTION |
| Extent |
78 p. : |
| Other physical details |
ill. ; |
| Dimensions |
28 cm. |
| 440 #0 - SERIES STATEMENT/ADDED ENTRY--TITLE |
| Title |
Dover pictorial archive series |
| 500 ## - GENERAL NOTE |
| General note |
"A republication with some rearrangement of the plates originally published in Traité des pierres précieuses et de la manière de les employer en parure, Paris, 1762.... The text of the original is here omitted." |
| 650 #0 - SUBJECT ADDED ENTRY--TOPICAL TERM |
| Topical term or geographic name as entry element |
Jewelry |
| Geographic subdivision |
France |
| General subdivision |
History |
| Chronological subdivision |
18th century |
| General subdivision |
Themes, motives. |
| 650 #0 - SUBJECT ADDED ENTRY--TOPICAL TERM |
| Topical term or geographic name as entry element |
Decoration and ornament, Rococo |
| Geographic subdivision |
France. |
| 740 0# - ADDED ENTRY--UNCONTROLLED RELATED/ANALYTICAL TITLE |
| Uncontrolled related/analytical title |
Five hundred authentic rococo designs and motifs for artists and craftspeople. |
| 740 0# - ADDED ENTRY--UNCONTROLLED RELATED/ANALYTICAL TITLE |
| Uncontrolled related/analytical title |
Rococo designs and motifs for artists and craftspeople. |
| 942 ## - ADDED ENTRY ELEMENTS (KOHA) |
| Source of classification or shelving scheme |
|
| Koha item type |
Hard Covered Materials |